00399nam a2200133 4500008004100000100001800041245006600059260000900125300001300134650002500147650003000172650002900202773003400231190417b ||||| |||| 00| 0 eng d aPatnaik, Utsa aProfit inflation, Keynes and the Holocaust in Bengal, 1943-44 c2018 ap.33-43. aKeynes, John Maynard aProfit inflation - Bengal aFamine - Bengal, 1943-44 aEconomic and Political Weekly